000
00317nam a22001337a 4500
008
181107b xxu||||| |||| 00| 0 eng d
020
_a
9780202360720
041
_a
eng
080
_a
316
100
_a
50
101
_a
SOC
245
_a
Human Behavior Theory and Social Work Practice
_c
Greene, R.R
942
_2
udc
_c
BK
999
_c
52162
_d
52162